[Event "BL2-Sued 9697"]
[Site "Germany"]
[Date "1997.??.??"]
[Round "?.6"]
[White "Eisele, Steffen"]
[Black "Kraenzle, Harald"]
[Result "1-0"]
[WhiteElo "2125"]
[BlackElo "2250"]
[PlyCount "35"]
[EventDate "1996.10.??"]
[EventType "team-tourn"]
[EventRounds "9"]
[EventCountry "GER"]
[SourceTitle "GER-chT2"]
[Source "ChessBase"]
[SourceDate "1999.07.01"]
[SourceVersion "1"]
[SourceVersionDate "1999.07.01"]
[SourceQuality "1"]
[WhiteTeam "Marbach"]
[BlackTeam "Muenchen 36"]
[WhiteTeamCountry "GER"]
[BlackTeamCountry "GER"]

1. e4 d6 2. d4 Nf6 3. Nc3 Nbd7 4. Bc4 e5 5. Nf3 Be7 6. Qe2 0-0 7. g4 exd4 8. Nxd4 Ne5 9. g5 Ne8 10. Rg1 c5 11. Nf5 Be6 12. Nd5 Bxd5 13. Bxd5 Nc7 14. c4 Ne6 15. Rg3 Nc6 16. Qh5 h6 17. Nxh6+ gxh6 18. Qxh6 1-0

[Event "Regionalliga SW 9798"]
[Site "Bayern"]
[Date "1997.??.??"]
[Round "?.1"]
[White "Kraenzle, Harald"]
[Black "Kostic, Vladimir G"]
[Result "0-1"]
[WhiteElo "2160"]
[BlackElo "2440"]
[PlyCount "82"]
[EventDate "1997.10.??"]
[EventType "team-tourn"]
[EventRounds "9"]
[EventCountry "GER"]
[SourceTitle "EXT 2020"]
[Source "ChessBase"]
[SourceDate "2019.10.17"]
[SourceVersion "1"]
[SourceVersionDate "2019.10.17"]
[SourceQuality "1"]
[WhiteTeam "Garching"]
[BlackTeam "Muenchen Suedost"]
[WhiteTeamCountry "GER"]
[BlackTeamCountry "GER"]

1. e4 c5 2. Nc3 e6 3. f4 d5 4. Bb5+ Bd7 5. Qe2 d4 6. Bxd7+ Qxd7 7. Nd1 Nc6 8. d3 0-0-0 9. Nf3 f6 10. Nf2 h6 11. Bd2 g5 12. fxg5 hxg5 13. e5 g4 14. Nxg4 f5 15. Nf2 Nh6 16. 0-0-0 Bg7 17. h3 Qd5 18. Kb1 Nxe5 19. Nxe5 Qxe5 20. Qf3 Qd5 21. Qxd5 Rxd5 22. g4 Nf7 23. Rdg1 Bf8 24. g5 Ne5 25. Rg3 Ng6 26. h4 Rh5 27. Rgh3 Rd7 28. Re1 Re7 29. c3 Bg7 30. Reh1 Re8 31. R1h2 Reh8 32. Nh1 Be5 33. Re2 Rxh4 34. Rxh4 Rxh4 35. Nf2 Rh2 36. Be1 Kd7 37. Kc2 Bf4 38. cxd4 cxd4 39. Kd1 Bxg5 40. Rc2 Be3 41. Ke2 Ne5 0-1

[Event "BL2-Sued 9697"]
[Site "Germany"]
[Date "1997.??.??"]
[Round "?.8"]
[White "Kraenzle, Harald"]
[Black "Schuh, Hubert"]
[Result "0-1"]
[WhiteElo "2250"]
[BlackElo "2315"]
[PlyCount "64"]
[EventDate "1996.10.??"]
[EventType "team-tourn"]
[EventRounds "9"]
[EventCountry "GER"]
[SourceTitle "GER-chT2"]
[Source "ChessBase"]
[SourceDate "1999.07.01"]
[SourceVersion "1"]
[SourceVersionDate "1999.07.01"]
[SourceQuality "1"]
[WhiteTeam "Muenchen 36"]
[BlackTeam "Zaehringen"]
[WhiteTeamCountry "GER"]
[BlackTeamCountry "GER"]

1. e4 c5 2. Nc3 d6 3. f4 g6 4. Nf3 Bg7 5. Bc4 Nc6 6. d3 Na5 7. Bb3 Nxb3 8. axb3 Nf6 9. 0-0 0-0 10. Qe1 e6 11. Ne2 Ne8 12. g4 f5 13. gxf5 exf5 14. Ng3 fxe4 15. dxe4 Bg4 16. f5 Qd7 17. Ng5 gxf5 18. h3 f4 19. Rxf4 Rxf4 20. Bxf4 Bxh3 21. Kh2 Bg4 22. e5 h6 23. N5e4 dxe5 24. Nxc5 Qc6 25. Be3 b6 26. Qb4 Nf6 27. Qc4+ Kh8 28. Nd3 Qe8 29. c3 Be6 30. Qh4 Ng4+ 31. Kg1 Nxe3 32. Re1 Nf5 0-1

[Event "BL2-Sued 9697"]
[Site "Germany"]
[Date "1997.??.??"]
[Round "?.7"]
[White "Pfrommer, Christoph"]
[Black "Kraenzle, Harald"]
[Result "1/2-1/2"]
[WhiteElo "2290"]
[BlackElo "2250"]
[PlyCount "55"]
[EventDate "1996.10.??"]
[EventType "team-tourn"]
[EventRounds "9"]
[EventCountry "GER"]
[SourceTitle "GER-chT2"]
[Source "ChessBase"]
[SourceDate "1999.07.01"]
[SourceVersion "1"]
[SourceVersionDate "1999.07.01"]
[SourceQuality "1"]
[WhiteTeam "Karlsruhe"]
[BlackTeam "Muenchen 36"]
[WhiteTeamCountry "GER"]
[BlackTeamCountry "GER"]

1. e4 d6 2. d4 Nd7 3. Nf3 Ngf6 4. e5 Nd5 5. c4 N5b6 6. exd6 exd6 7. Bd3 Be7 8. Qc2 Nf6 9. h3 0-0 10. 0-0 Re8 11. Bf4 c6 12. Nbd2 Nbd7 13. Rfe1 Nf8 14. Nf1 Ng6 15. Bh2 a6 16. Ne3 Bf8 17. a3 d5 18. cxd5 Nxd5 19. Nxd5 cxd5 20. Bc7 Rxe1+ 21. Rxe1 Qd7 22. Bg3 Qd8 23. Bc7 Qd7 24. Bg3 Qd8 25. Rc1 Be6 26. Qc7 Rc8 27. Qxd8 Rxd8 28. Rc7 1/2-1/2